| 000 | 00554nam a2200181Ia 4500 | ||
|---|---|---|---|
| 003 | GCL | ||
| 008 | 140319s9999 xx 000 0 eng d | ||
| 040 |
_aGCL / _cGCL |
||
| 082 | 0 | 4 |
_aCC _b932 _bK C |
| 100 | 1 | _aKAMEL, IBRAHIM | |
| 245 | 1 | 0 |
_aCATALOGUE GENERAL DES ANTIQUITES DU MUSEE COPTE : _bCOPTIC FUNERARY STELAE / _cKAMEL, IBRAHIM |
| 260 |
_aالقاهرة : _bSERVICE DES ANTIQUITES DE L'EGYPTE ، _c1987 |
||
| 300 |
_a24 CM ؛ _c217 P |
||
| 650 | 0 | 4 | _aCOPTIC MUSEUM |
| 650 | 0 | 4 | _aCOPTIC ARCHAEOLOGY |
| 650 | 0 | 4 | _aANCIENT EGYPT |
| 942 |
_2ddc _cBK |
||
| 999 |
_c16904 _d16904 |
||